Né(e)s au Canada - Statistiques

Statistiques générales
  • Ce quiz a été pris 203 fois
  • Le résultat moyen est 7 sur 20
Answers on the Grid
Answers color-coded by a green-red scale on the quiz's grid according to % correct below.
Justin Bieber
Drake
Alanis Morissette
Hayden Christensen
Ryan Gosling
Jim Carrey
Pamela Anderson
Justin Trudeau
Mylène Farmer
Bryan Adams
Garou
Wayne Gretzky
The Weeknd
James Cameron
Céline Dion
Katheryn Winnick
Mary Pierce
Natasha St-Pier
Shania Twain
Michael J. Fox
Maurane
Arnold Schwarzenegger
Keanu Reeves
Jodie Foster
Angèle
Donald Trump
Roger Federer
Emmanuel Macron
Jonathan David
Eminem
 
Statistiques - réponses
Réponse % Correct
Céline Dion
73%
Drake
63%
Justin Bieber
63%
Justin Trudeau
61%
Garou
59%
The Weeknd
57%
Natasha St-Pier
51%
Jim Carrey
44%
Ryan Gosling
41%
Alanis Morissette
28%
Bryan Adams
26%
Pamela Anderson
21%
Wayne Gretzky
21%
James Cameron
20%
Shania Twain
20%
Mylène Farmer
19%
Mary Pierce
15%
Hayden Christensen
13%
Michael J. Fox
13%
Katheryn Winnick
11%
Aucun quiz correspondant
Distribution des résultats
% des personnes avec chaque résultat
Percentile par nombre de réponses
Votre historique - résultats
Vous n’avez pas pris ce quiz